| 000 | 00000nam 2200000zi 4500 |
| 001 | 9.932119 |
| 003 | CaOODSP |
| 005 | 20240207074754 |
| 006 | m o d f |
| 007 | cr bn||||||||| |
| 008 | 240105t20242024onc oz f000 0 eng d |
| 020 | |a9780660695020 |
| 040 | |aCaOODSP|beng|erda|cCaOODSP |
| 041 | 0 |aeng|afre |
| 043 | |an-cn--- |
| 086 | 1 |aFR4-2023/12-PDF |
| 245 | 00|aNavigation - Amendments to Annexes 1 and 2 of the 1996 Protocol to the Convention on the Prevention of Marine Pollution by Dumping of Wastes and Other Matter, 1972 = |bNavigation - Amendements aux annexes 1 et 2 du Protocole de 1996 à la Convention de 1972 sur la prévention de la pollution des mers résultant de l'immersion de déchets. |
| 246 | 31|aNavigation - Amendements aux annexes 1 et 2 du Protocole de 1996 à la Convention de 1972 sur la prévention de la pollution des mers résultant de l'immersion de déchets |
| 264 | 1|a[Ottawa] : |bTreaty Law Division of the Department of Foreign Affairs, Trade and Development = Direction du droit des traités du Ministère des affaires étrangères, du commerce et du développement, |c[2024] |
| 264 | 4|c©2024 |
| 300 | |a1 online resource (3, 3 pages). |
| 336 | |atext|btxt|2rdacontent |
| 337 | |acomputer|bc|2rdamedia |
| 338 | |aonline resource|bcr|2rdacarrier |
| 490 | 1 |aTreaty series = |aRecueil des traités ; |v2023/12 |
| 500 | |a"Adopted at London on 7 October 2022. In Force on 15 January 2023. In force for Canada on 29 November 2023." |
| 500 | |aAlternate pages have duplicate numbering. |
| 546 | |aText in English and French. |
| 650 | 0|aMarine pollution|xLaw and legislation. |
| 650 | 0|aWaste disposal in the ocean|xLaw and legislation. |
| 651 | 0|aCanada|xForeign relations|vTreaties. |
| 655 | 7|aTreaties.|2lcgft |
| 710 | 1 |aCanada. |bGlobal Affairs Canada. |bTreaty Law Division, |eissuing body. |
| 710 | 1 |aCanada, |eparticipant in a treaty. |
| 792 | |tNavigation - Amendments to Annexes 1 and 2 of the 1996 Protocol to the Convention on the Prevention of Marine Pollution by Dumping of Wastes and Other Matter, 1972 = |efre|w(CaOODSP)9.932120 |
| 830 | #0|aCanada treaty series ;|v2023/12.|w(CaOODSP)9.811730 |
| 856 | 40|qPDF|s108 KB|uhttps://publications.gc.ca/collections/collection_2024/amc-gac/FR4-2023-12.pdf |